Bài tập và bài giải phân tích hoạt động kinh doanh

Sách gồm 6 chương trình bày đối tượng, phương pháp và tổ chức hoạt động kinh doanh; phân tích kết quả sản xuất kinh doanh, các yếu tố kinh doanh, chi phí và giá thành sản phẩm, tình hình tiêu thụ và lợi nhuận, các dự án đầu tư dài hạn tron...

Full beskrivning

Sparad:
Bibliografiska uppgifter
Huvudupphovsman: Vương, Quốc Duy
Materialtyp: Bok
Språk:Undetermined
Publicerad: Hà Nội Giáo dục Việt Nam 2015
Ämnen:
Taggar: Lägg till en tagg
Inga taggar, Lägg till första taggen!
Thư viện lưu trữ: Trung tâm Học liệu Trường Đại học Cần Thơ
LEADER 01012nam a2200205Ia 4500
001 CTU_207577
008 210402s9999 xx 000 0 und d
020 |c 35000 
082 |a 658.1511 
082 |b D523 
100 |a Vương, Quốc Duy 
245 0 |a Bài tập và bài giải phân tích hoạt động kinh doanh 
245 0 |c Vương Quốc Duy 
260 |a Hà Nội 
260 |b Giáo dục Việt Nam 
260 |c 2015 
520 |a Sách gồm 6 chương trình bày đối tượng, phương pháp và tổ chức hoạt động kinh doanh; phân tích kết quả sản xuất kinh doanh, các yếu tố kinh doanh, chi phí và giá thành sản phẩm, tình hình tiêu thụ và lợi nhuận, các dự án đầu tư dài hạn trong hoạt động kinh doanh. 
650 |a Hoạt động kinh doanh,Business enterprises 
904 |i Hải 
980 |a Trung tâm Học liệu Trường Đại học Cần Thơ